The Red Indians: (Record no. 204542)

MARC details
000 -LEADER
fixed length control field 00551nam a22001937a 4500
005 - DATE AND TIME OF LATEST TRANSACTION
control field 20240807170833.0
010 ## - LCCN (DPL NO)
LC control number ENG-141038
020 ## - INTERNATIONAL STANDARD BOOK NUMBER
Terms of availability 500.00
International Standard Book Number 9789351047179
020 ## - INTERNATIONAL STANDARD BOOK NUMBER
Terms of availability 500.00
035 ## - SYSTEM CONTROL NUMBER
System control number EN-124570
037 ## - SOURCE OF ACQUISITION
Source of stock number/acquisition DBAD
082 ## - DEWEY DECIMAL CLASSIFICATION NUMBER
Classification number 813
100 ## - MAIN ENTRY--PERSONAL NAME
Personal name Sinha Pritibala
245 ## - TITLE STATEMENT
Title The Red Indians:
Remainder of title In american novels/
Statement of responsibility, etc By Pritibala Sinha
260 ## - PUBLICATION, DISTRIBUTION, ETC. (IMPRINT)
Place of publication, distribution, etc Patna
Name of publisher, distributor, etc The Author
Date of publication, distribution, etc 2013
270 ## - ADDRESS
City Patna
Address 102, Sanyam Pratik Khajpura, Patna
Postal code 800014
300 ## - PHYSICAL DESCRIPTION
Extent 128Pages
Dimensions 22cm(pbk)
942 ## - ADDED ENTRY ELEMENTS (KOHA)
Source of classification or shelving scheme Dewey Decimal Classification
Item type English Books
Classification part 813
Call number suffix SIN
Holdings
Withdrawn status Lost status Not for loan Collection code Home library Current library Date acquired Source of acquisition Cost, normal purchase price Full call number Barcode Copy number Cost, replacement price Koha item type
      Non-fiction Patel Nagar Patel Nagar 26/07/2024 Delivery of Books Act Division 500.00 813 SIN EN-124570 1 500.00 English Books

© Delhi Public Library
Hit Counter
free hit counter